000 00556nam a22001697a 4500
005 20250315101150.0
008 250315b |||||||| |||| 00| 0 eng d
020 _a9780781736343
050 _aRS57
_b.H46
100 _aHenke, Grace
245 _aHenke's Med-Math Dosage Calculation, preparation and Administration/
_cGrace Henke & Susan Buchholz
250 _a4th ed.
260 _aPhiladelphia
_bLippincott Williams & Wilkins
_c2003
300 _axviii. 374p.
_bill. some color
_c27.5cm
_eCD-ROM
700 _aBuchholz, Susan
942 _2lcc
_cBK
_e4th ed.
_n0
999 _c4852
_d4852